00266nam a2200109 4500020001500000082002000015100002100035245002900056260003900085300001100124650002100135 a9552309557 a580 PATb007539 aPathirana,P.S.K. aSeedless Vascular Plants bOpen University Of Sri Lankac2003 a007539 a Vascular Plants